Statistics for NFL Players By College (AFC)

Click here to take the quiz!

General Stats

  • This quiz has been taken 182 times
  • The average score is 67 of 96

Answer Stats

Name of Player and NFL TeamCollege They Attended% Correct
CJ Mosley, JetsAlabama
98%
Josh Jacobs, RaidersAlabama
98%
Donta Hightower, PatriotsAlabama
98%
Derrick Henry, TitansAlabama
98%
Minkah Fitzpatrick, SteelersAlabama
98%
Lamar Jackson, RavensLouisville
98%
Davante Parker, DolphinsLouisville
98%
Joe Mixon, BengalsOklahoma
96%
Baker Mayfield, BrownsOklahoma
96%
Reshad Jones, DolphinsGeorgia
95%
Nick Chubb, BrownsGeorgia
95%
Geno Atkins, BengalsGeorgia
95%
AJ Green, BengalsGeorgia
95%
Taylor Lewan, TitansMichigan
95%
Frank Clark, ChiefsMichigan
95%
Tom Brady, PatriotsMichigan
95%
Deandre Hopkins, TexansClemson
94%
Christian Wilkins, DolphinsClemson
94%
Deshaun Watson, TexansClemson
94%
Tyrann Mathieu, ChiefsLSU
94%
Leonard Fournette, JaguarsLSU
94%
Jamal Adams, JetsLSU
94%
DJ Chark, JaguarsLSU
94%
Odell Beckham, BrownsLSU
94%
Tredavorius White, BillsLSU
94%
Earl Thomas, RavensTexas
94%
Juju Smith-Schuster, SteelersUSC
92%
Sam Darnold, JetsUSC
92%
Jurrell Casey, TitansUSC
92%
Joey Bosa, ChargersOhio State
91%
Billy Price, BengalsOhio State
91%
Bradley Roby, TexansOhio State
91%
Cameron Heyward, SteelersOhio State
91%
Patrick Mahomes, ChiefsTexas Tech
89%
Calais Campbell, JaguarsMiami
88%
Melvin Gordon, ChargersWisconsin
88%
TJ Watt, SteelersWisconsin
88%
JJ Watt, TexansWisconsin
88%
Joe Schoebert, BrownsWisconsin
88%
Ryan Tannehill, TitansTexas A&M
86%
Von Miller, BroncosTexas A&M
86%
Myles Garrett, BrownsTexas A&M
86%
Leveon Bell, JetsMichigan State
83%
Tashaun Gipson, TexansWyoming
83%
Josh Allen, BillsWyoming
83%
Carlos Dunlap, BengalsFlorida
78%
Ronnie Stanley, RavensNotre Dame
78%
Quenton Nelson, ColtsNotre Dame
78%
Tyler Boyd, BengalsPitt
77%
James Conner, SteelersPitt
77%
Lamarcus Joyner, RaidersFlorida State
75%
Derwin James, ChargersFlorida State
75%
Travis Kelce, ChiefsCincinnati
72%
Derek Wolfe, BroncosCincinnati
72%
Ryan Fitzpatrick, DolphinsHarvard
69%
Ben Roethlisberger, SteelersMiami (Ohio)
67%
Bradley Chubb, BroncosNC State
67%
Jacoby Brissett, ColtsNC State
67%
Phillip Rivers, ChargersNC State
67%
Derek Carr, RaidersFresno State
65%
Marshal Yanda, RavensIowa
60%
Micah Hyde, BillsIowa
60%
Nick Foles, JaguarsArizona
58%
Phillip Lindsay, BroncosColorado
58%
Melvin Ingram, ChargersSouth Carolina
58%
Stephon Gillmore, PatriotsSouth Carolina
58%
Logan Ryan, TitansRutgers
56%
Devin Mccourty, PatriotsRutgers
56%
Marcus Peters, RavensWashington
56%
Keenan Allen, ChargersCalifornia
52%
Aqib Talib, DolphinsKansas
51%
Chris Harris, BroncosKansas
51%
Ed Oliver, BillsHouston
50%
Darren Waller, RaidersGeorgia Tech
49%
Julian Edelman, PatriotsKent State
49%
Kyle Van Noy, PatriotsBYU
43%
Jamison Crowder, JetsDuke
42%
Yannick Ngakoue, JaguarsMaryland
42%
Chris Jones, ChiefsMississippi State
42%
Richie Incognito, RaidersNebraska
42%
Justin Simmons, BroncosBoston College
40%
Matt Milano, BillsBoston College
40%
Anthony Castonzo, ColtsBoston College
40%
Xavien Howard, DolphinsBaylor
37%
Whitney Mercilus, TexansIllinois
35%
Tyreek Hill, ChiefsWest Alabama
32%
Robby Anderson, JetsTemple
31%
AJ Bouye, JaguarsUCF
31%
Joel Bitonio, BrownsNevada
30%
TY Hilton, ColtsFlorida International
28%
Devin Singletary, BillsFlorida Atlantic
26%
Darius Leonard, ColtsSouth Carolina State
24%
Maxx Crosby, RaidersEastern Michigan
22%
Marlon Mack, ColtsUSF
18%
Matt Judon, RavensGrand Valley State
15%
Kevin Byard, TitansMiddle Tennessee State
13%

Score Distribution

Percentile by Number Answered

Percent of People with Each Score

Your Score History

You have not taken this quiz